000 00287nam a22001337a 4500
008 170830b xxu||||| |||| 00| 0 eng d
020 _a9780803614055
041 _aeng
080 _a070
100 _a40
101 _aMED
245 _aHEALTH PROMOTION
_cLEDDYLS.K
942 _2udc
_cBK
999 _c25619
_d25619